000 01463nam a2200241 a 4500
008 190826s2018 ||||||||||||||||| || u
020 _a9789332586147
050 _aTA 645 Hib
100 _aYap, Kai Beng
245 1 0 _aStructural analysis. (9th edition in SI units)
_cBy R.C. Hibbeler ; SI conversion by Kai Beng Yap
250 _a9th edition in SI units
260 _aUttar Pradesh
_bPearson India Education Services
_c2018
300 _axx, 691 pages: illustrations
350 _a36.35
650 _aSTRUCTURAL ANALYSIS (ENGINEERING)--ARCHITECTURE
650 _aARCHITECTURAL DESGN--EVALUATION
700 _aHibbeler, R. C
995 _aMAIN LIBRARY OPEN ACCESS
_e749551
_FCBU-MAIN LIBRARY (Kitwe)
_I36.35
_jTA 645 Hib
_M5
_UAVAILABLE
_WAug 26, 2019
_y749551
_ZMain Library Open Access Collection
995 _aMAIN LIBRARY OPEN ACCESS
_e749550
_FCBU-MAIN LIBRARY (Kitwe)
_I36.35
_jTA 645 Hib
_M3
_UAVAILABLE
_WAug 26, 2019
_y749550
_ZMain Library Open Access Collection
995 _aMAIN LIBRARY OPEN ACCESS
_e749552
_FCBU-MAIN LIBRARY (Kitwe)
_I36.35
_jTA 645 Hib
_M1
_UAVAILABLE
_WAug 26, 2019
_y749552
_ZMain Library Open Access Collection
995 _aMAIN LIBRARY OPEN ACCESS
_e749553
_FCBU-MAIN LIBRARY (Kitwe)
_I36.35
_jTA 645 Hib
_M2
_UAVAILABLE
_WAug 26, 2019
_y749553
_ZMain Library Open Access Collection
995 _aMAIN LIBRARY OPEN ACCESS
_e749549
_FCBU-MAIN LIBRARY (Kitwe)
_I36.35
_jTA 645 Hib
_M4
_UAVAILABLE
_WAug 26, 2019
_y749549
_ZMain Library Open Access Collection
999 _c76903
_d76903